[Event "TUR Cup"]
[Site "Antalya"]
[Date "2020.02.01"]
[Round "10"]
[White "Hanci, Ilker"]
[Black "Savli, Sadrettin"]
[Result "1-0"]
[WhiteElo "1571"]
[BlackElo "1436"]
[PlyCount "62"]
[EventDate "2020.01.26"]
[EventType "swiss"]
[EventRounds "11"]
[EventCountry "TUR"]
[SourceTitle "CBM 194 Extra"]
[Source "ChessBase"]
[SourceDate "2020.03.31"]
[SourceVersion "1"]
[SourceVersionDate "2020.03.31"]
[SourceQuality "1"]

1. e4 d5 2. exd5 Qxd5 3. Nc3 Qd8 4. d4 g6 5. Bc4 Bg7 6. Bf4 Qxd4 7. Nd5 Qxd1+ 8. Rxd1 e5 9. Nxc7+ Ke7 10. Be3 Nh6 11. Nxa8 Nf5 12. Bc5+ Kf6 13. Bxa7 Nc6 14. Bc5 Be6 15. Nb6 Bxc4 16. Nxc4 Rc8 17. Nd6 Nxd6 18. Rxd6+ Kf5 19. Ne2 Bf8 20. Ng3+ Kg4 21. Rxc6 bxc6 22. Bxf8 Rxf8 23. Ke2 h5 24. Rd1 h4 25. h3+ Kf4 26. Nf1 Rc8 27. a4 c5 28. a5 c4 29. a6 Rc6 30. Ra1 Rc8 31. a7 Ra8 1-0

[Event "TUR Cup										"]
[Site "Antalya"]
[Date "2018.01.31"]
[Round "7"]
[White "Savli, Sadrettin"]
[Black "Sabahi, Cem"]
[Result "0-1"]
[WhiteElo "1443"]
[BlackElo "1678"]
[PlyCount "124"]
[EventDate "2018.01.27"]
[EventType "swiss"]
[EventRounds "11"]
[EventCountry "TUR"]
[SourceTitle "CBM 182 Extra"]
[Source "ChessBase"]
[SourceDate "2018.02.23"]
[SourceVersion "1"]
[SourceVersionDate "2018.02.23"]
[SourceQuality "1"]

1. e4 e5 2. Nf3 d6 3. g3 g6 4. Bg2 Bg7 5. 0-0 Nf6 6. Nc3 c6 7. d3 0-0 8. Be3 Ng4 9. Bg5 Qb6 10. Rb1 Qc7 11. h3 h6 12. Bd2 Nf6 13. Nh2 Be6 14. f4 exf4 15. gxf4 Qc8 16. Qf3 Na6 17. f5 Bd7 18. a3 Nc7 19. Qg3 Nh5 20. Qf3 d5 21. Ng4 dxe4 22. dxe4 Kh7 23. f6 Bxg4 24. hxg4 Nxf6 25. Bh3 g5 26. Rf2 Qe6 27. Re1 Nd7 28. Qf5+ Qxf5 29. gxf5 Bd4 30. Be3 Bxe3 31. Rxe3 f6 32. Rd3 Ne5 33. Rd1 Rad8 34. Rff1 Rfe8 35. Kf2 Nc4 36. Rxd8 Rxd8 37. Rd1 Rxd1 38. Nxd1 Nb5 39. Bf1 Nbd6 40. Bd3 Ne5 41. Ke3 h5 42. Kd4 b6 43. Ke3 Kh6 44. b3 h4 45. Be2 g4 46. Kf4 g3 47. Ne3 g2 48. Nxg2 h3 49. Ne3 h2 50. Ng4+ Nxg4 51. Bf3 Nf2 52. e5 fxe5+ 53. Kxe5 Nf7+ 54. Kf6 Ng5 55. Bg2 Nge4+ 56. Ke7 Kg5 57. Kd7 c5 58. Kc7 Kxf5 59. Kb7 Kf4 60. Kxa7 Kg3 61. Bxe4 Nxe4 62. Kxb6 h1Q 0-1